Kényszerelméletek

Podrobná bibliografia
Hlavný autor: Galántai, Zoltán, 1964- (Autor)
Médium: Článok
Jazyk:maďarčina
Predmet:

MARC

LEADER 00000nab a2200000 a 4500
001 vtls000477118
003 SK-MaSNL
005 20260304030004.0
008 250310c1992 xo 0 hun
015 |a SNBRB19rr/mm-uuuuu 
035 |a CL0477252 
035 |a urn:nbn:sk:snk-abbfx 
035 |a (urnnbn)urn:nbn:sk:snk:ar-00357d 
035 |a (uuid)cec69064-fe6f-44ac-9ed0-7ba7ee5e5ae3 
040 |a SNKBUCL  |b slo  |c SNKBUCL  |e AACR2 
041 0 |a hun 
044 |a xo  |c SK 
080 |a 894.511-3=945.11  |2 1981 
100 1 |a Galántai, Zoltán,  |d 1964-  |4 aut  |9 126152 
245 1 0 |a Kényszerelméletek  |c Zoltán Galántai 
650 0 7 |a prózy filozofické  |2 snkbucl  |9 953885 
655 7 |a články z novín a časopisov  |2 snkbucl  |9 267496 
655 7 |a články z odboru literárna veda a krásna literatúra  |2 snkbucl  |9 770045 
773 0 |t Kalligram  |g Č. 4 (1992), s. 61-62 
850 |a Slovenská národná knižnica v Martine  |a MTA001 
852 |a SNK  |b KIS3GCP 
958 |a OND 
958 |a RK 
958 |a HU 
958 |a LX 
958 |a article27 
992 |a RBX 
999 |c 2631006  |d 2632936